Dix petits états des États-Unis par superficie - Statistiques

Statistiques générales
  • Ce quiz a été pris 473 fois
  • Le résultat moyen est 8 sur 10
Statistiques - réponses
mi2 État % Correct
1,034 Rhode Island
94%
9,217 Vermont
88%
7,354 New Jersey
87%
1,949 Delaware
86%
8,953 New Hampshire
86%
4,842 Connecticut
85%
9,707 Maryland
82%
6,423 Hawaï
74%
7,800 Massachusetts
52%
24,038 Virginie-Occidentale
50%
Aucun quiz correspondant
Distribution des résultats
% des personnes avec chaque résultat
Percentile par nombre de réponses
Votre historique - résultats
Vous n’avez pas pris ce quiz